000 00481nam a2200157 i 4500
001 87729
003 ES-MaACL
005 20230906175728.0
007 t|
008 041223s1965 sp ||||1| eng d
100 1 _aLacadena, Juan-Ramón.
_969314
245 1 0 _aCytogeneties and cereal breeding /
_cJuan Ramón Lacadena.
260 _aZaragoza :
_bEstación Experimental de Aula-Dei,
_c[1965] (
_fTipo-Línea)
300 _a27 p. ;
_c24 cm.
852 _aES-MaACL
_j2045-F-15
_bR.57821
999 _c87729
_d87729